| 000 | 01131cam a22001814a 4500 | ||
|---|---|---|---|
| 005 | 20250605164219.0 | ||
| 008 | 250528s ||||||||||||||||||||||||d | ||
| 035 | _a20587 | ||
| 040 |
_aGR-AtMCL _bgre _dGR-AtMCL _eAACR2 |
||
| 245 | 1 |
_aΜαθηματικά Οικονομικής Ανάλυσης. _nΤόμος Β' |
|
| 260 |
_bΠαπαζήση, _c1993 |
||
| 300 | _a472 | ||
| 520 | _aΟικονομική Αριστοποίηση, Αριστοποίηση Συναρτήσεων μιας Μεταβλητής, Αριστοποίηση Πλειομεταβλητών Συναρτήσεων, Αριστοποίηση με Ισοτικούς Περιορισμούς, Γραμμικός Προγραμματισμός, Δυναμική Ανάλυση, Στοιχεία Ολοκληρωτικού Λογισμού, Τεχνικές Ολοκλήρωσης και Εφαρμογές, Άλλα Θέματα Ολοκλήρωσης, Παράρτημα, Βιβλιογραφία, Ευρετήριο Όρων. | ||
| 700 | 1 |
_aΚορκοτσίδης Αναστάσιος Σ _94696 |
|
| 942 | _cBK | ||
| 999 |
_c5678 _d5678 |
||